| 000 | 00708cab a2200205 4500 | ||
|---|---|---|---|
| 001 | ##L135577 | ||
| 008 | 061020n2006 000 0 eng u | ||
| 035 | _a(Sirsi) u135577 | ||
| 041 | _aeng | ||
| 100 | 1 | _aHeap, Richard | |
| 245 | 0 | 0 | _aPorts and rail freight |
| 260 | 3 | _c2006 | |
| 490 | 0 |
_aProperty Week _v71(44) 3 November 2006, 113-123(6) |
|
| 520 | _aLooks at: Southampton dock which two years after failing to get planning permission for a new terminal is back with fresh expansion plans and UK marinas which are now so busy they have started hot-desking. | ||
| 590 | _aIKA141106 | ||
| 651 | 4 |
_aUnited Kingdom _y |
|
| 690 | _aPROPERTY-INFRASTRUCTURE | ||
| 700 | 1 | _aPhillips, Mark | |
| 942 | _n0 | ||
| 999 |
_c77943 _d77943 |
||